Algebra superior / (Record no. 82051)
[ view plain ]
| 000 -LEADER | |
|---|---|
| fixed length control field | 00617cam a2200205 4500 |
| 008 - FIXED-LENGTH DATA ELEMENTS--GENERAL INFORMATION | |
| fixed length control field | t1991 mx a gr spa |
| 020 ## - INTERNATIONAL STANDARD BOOK NUMBER | |
| International Standard Book Number | 9684229259 |
| 050 00 - LIBRARY OF CONGRESS CALL NUMBER | |
| Classification number | QA157 |
| Item number | S62 1991 |
| 100 1# - MAIN ENTRY--PERSONAL NAME | |
| Personal name | Spiegel, Murray R. |
| 245 00 - TITLE STATEMENT | |
| Title | Algebra superior / |
| Statement of responsibility, etc | Murray R. Spiegel ; tr. y adaptacion Luis Gutierrez Diez, Angel Gutierrez Vazquez. |
| 260 ## - PUBLICATION, DISTRIBUTION, ETC. (IMPRINT) | |
| Place of publication, distribution, etc | Mexico : |
| Name of publisher, distributor, etc | McGraw-Hill, |
| Date of publication, distribution, etc | 1991 |
| 300 ## - PHYSICAL DESCRIPTION | |
| Extent | 312 p. ; |
| Dimensions | 27 cm. |
| 504 ## - BIBLIOGRAPHY, ETC. NOTE | |
| Bibliography, etc | Incluye indice |
| 650 10 - SUBJECT ADDED ENTRY--TOPICAL TERM | |
| Topical term or geographic name as entry element | Algebra |
| 700 1# - ADDED ENTRY--PERSONAL NAME | |
| Personal name | Gutierrez Diez, Luis, tr. |
| 700 1# - ADDED ENTRY--PERSONAL NAME | |
| Personal name | Gutierrez Vazquez, Angel, tr. |
| 942 ## - ADDED ENTRY ELEMENTS (KOHA) | |
| Source of classification or shelving scheme | Biblioteca del Cogreso de los Estados Unidos |
| Koha item type | Libro |
| Estado de pérdida | Fuente de clasificación | Estado del daño | No para préstamo | Ubicación permanente | Ubicación actual | Apartado o colección | Fecha de adquisición | Edición | Área del conocimiento | Total Checkouts | Clasificación | Código de Barras | Date last seen | Número de copia | Costo por reposición | Tipo de recurso |
|---|---|---|---|---|---|---|---|---|---|---|---|---|---|---|---|---|
| Biblioteca del Cogreso de los Estados Unidos | Biblioteca de la Preparatoria Melchor Ocampo | Biblioteca de la Preparatoria Melchor Ocampo | General | 17/08/2023 | 1a. ed. | Ciencias Naturales y Exactas | QA159 .2 S8 1991 | PMO000000813 | 17/08/2023 | C: 1 | 1.00 | Libro |